000 00730cad a22001935a 4500
001 L154138
008 111018s2011 xxk f 000 0 eng d
035 _a(Sirsi) u154138
041 0 _aeng
110 2 _aStrutt & Parker
_92509
245 0 0 _aStep by step guide to letting property in London
_h[electronic resources]
260 _aLondon
_bStrutt and Parker
_c2011
520 _aA general guide on letting residential property aimed at the amateur landlord.
590 _aKA
651 4 _aLondon
690 _aPROPERTY-RESIDENTIAL PROPERTY-DOMESTIC RESIDENTIAL PROPERTY
856 4 0 _uhttps://www.struttandparker.com/media/269917/lettings%20handbook.pdf
_zView the item free of charge at www.struttandparker.com
942 _n0
999 _c112858
_d112858